000 00696nam a2200289Ia 4500
005 20260324124837.0
008 008 260324s9999 xx 000 0 eng d
020 _a9780203850671
037 _aEBOOK
040 _aCRL
040 _beng
040 _cCRL
041 _2eng
041 _aeng
084 _qCRL
100 _aMark B. Salter
_91175708
245 0 _aMapping Transatlantic Security Relations
245 4 _bThe EU, Canada and the War on Terror
260 _bTaylor and Francis
260 _c2010
365 _a
365 _b240
856 _uhttp://www.taylorfrancis.com/books/9780203850671
942 _cEBOOK
999 _c1770458
_d1770458